[Event "Baltic Cup 2nd"]
[Site "Darlowko"]
[Date "2018.06.29"]
[Round "6"]
[White "Praczukowski, Stanislaw"]
[Black "Maciejewski, Waldemar"]
[Result "1-0"]
[WhiteElo "2195"]
[BlackElo "2066"]
[PlyCount "65"]
[EventDate "2018.06.24"]
[EventType "swiss"]
[EventRounds "9"]
[EventCountry "POL"]
[SourceTitle "CBM 185 Extra"]
[Source "ChessBase"]
[SourceDate "2018.07.29"]
[SourceVersion "1"]
[SourceVersionDate "2018.07.29"]
[SourceQuality "1"]

1. d4 Nf6 2. c4 g6 3. Nc3 d5 4. Bf4 Bg7 5. Rc1 c6 6. e3 0-0 7. Nf3 Bg4 8. Qb3 Bxf3 9. gxf3 Qd7 10. Be2 dxc4 11. Bxc4 Nh5 12. Be5 Bxe5 13. dxe5 Qf5 14. e6 b5 15. exf7+ Kg7 16. Be2 Nd7 17. Ne4 Ne5 18. Rg1 Rad8 19. Nc5 Rd6 20. f4 Nc4 21. Rg5 Qh3 22. Bxh5 Qxh2 23. Rxc4 Qh1+ 24. Ke2 bxc4 25. Qc3+ Kh6 26. Qc2 gxh5 27. Ne4 Rd1 28. Ng3 Qe1+ 29. Kf3 Rd5 30. Qf5 Rxf7 31. Rxh5+ Kg7 32. Rxh7+ Kg8 33. Qxf7# 1-0

[Event "Baltic Cup 2nd"]
[Site "Darlowko"]
[Date "2018.06.27"]
[Round "4"]
[White "Nowak, Mikolaj"]
[Black "Maciejewski, Waldemar"]
[Result "1/2-1/2"]
[WhiteElo "2015"]
[BlackElo "2066"]
[PlyCount "139"]
[EventDate "2018.06.24"]
[EventType "swiss"]
[EventRounds "9"]
[EventCountry "POL"]
[SourceTitle "CBM 185 Extra"]
[Source "ChessBase"]
[SourceDate "2018.07.29"]
[SourceVersion "1"]
[SourceVersionDate "2018.07.29"]
[SourceQuality "1"]

1. d4 Nf6 2. c4 g6 3. Nf3 Bg7 4. g3 d5 5. cxd5 Nxd5 6. Bg2 0-0 7. 0-0 c6 8. e4 Nb6 9. h3 Be6 10. Na3 Na6 11. Be3 Qd6 12. Qe2 Rad8 13. Rfd1 Qb4 14. Ne1 Bc4 15. Qc2 Be6 16. Qe2 Qa4 17. Nec2 Nb4 18. b3 Qa6 19. Qe1 Nxc2 20. Nxc2 Qb5 21. g4 c5 22. Rac1 cxd4 23. Nxd4 Bxd4 24. Bxd4 h5 25. Bf3 hxg4 26. hxg4 Nd7 27. Qe3 f6 28. Kg2 Kf7 29. Rh1 Rh8 30. Rh6 Rxh6 31. Qxh6 Rg8 32. Qe3 Rh8 33. Rh1 Rxh1 34. Kxh1 b6 35. Kg2 g5 36. Be2 Qc6 37. Bc3 Nf8 38. f3 Ng6 39. e5 Bxg4 40. exf6 exf6 41. Kf2 Be6 42. Qd4 Ne5 43. Bd2 Qc2 44. Bxg5 Qxa2 45. Bxf6 Kxf6 46. f4 Bxb3 47. Qxe5+ Kf7 48. Ke3 Qa3 49. Bh5+ Kf8 50. Kd2 Qb4+ 51. Ke2 Qe7 52. Kd3 Qxe5 53. fxe5 Ke7 54. Kd4 Be6 55. Be2 Kd7 56. Ba6 Kc6 57. Be2 Kc7 58. Bd3 Kd8 59. Be2 Ke7 60. Ba6 Bh3 61. Bb7 Bf1 62. Bc8 a6 63. Kd5 Bb5 64. Bg4 a5 65. Bd1 Bd7 66. Bc2 a4 67. Kc4 a3 68. Bb3 Be6+ 69. Kb4 Bxb3 70. Kxb3 1/2-1/2

[Event "Baltic Cup 2nd"]
[Site "Darlowko"]
[Date "2018.06.25"]
[Round "2"]
[White "Fiszer, Bartosz"]
[Black "Maciejewski, Waldemar"]
[Result "1-0"]
[WhiteElo "1991"]
[BlackElo "2066"]
[PlyCount "75"]
[EventDate "2018.06.24"]
[EventType "swiss"]
[EventRounds "9"]
[EventCountry "POL"]
[SourceTitle "CBM 185 Extra"]
[Source "ChessBase"]
[SourceDate "2018.07.29"]
[SourceVersion "1"]
[SourceVersionDate "2018.07.29"]
[SourceQuality "1"]

1. e4 e6 2. d4 d5 3. Nd2 Nf6 4. e5 Nfd7 5. f4 c5 6. c3 Nc6 7. Ndf3 Qa5 8. a3 c4 9. Nh3 b5 10. Be3 Qa4 11. Qb1 Na5 12. Nd2 Nb3 13. Nxb3 cxb3 14. Bd3 h6 15. 0-0 Nb6 16. f5 Nc4 17. Bc1 Qa6 18. Nf4 Be7 19. Nh5 Bf8 20. f6 g5 21. Bg6 Qb7 22. Ng7+ Kd8 23. Bh5 a5 24. Qd3 Ra7 25. Qd1 b4 26. cxb4 axb4 27. a4 Qb6 28. Kh1 Ba6 29. Rf3 Rc7 30. Rxb3 Na5 31. Rg3 b3 32. Bd2 Bb4 33. Rc1 Bxd2 34. Rxc7 Qxc7 35. Qxd2 Bc8 36. h3 Nc4 37. Qb4 Nxb2 38. Rxb3 1-0

[Event "POL-chT 2nd League"]
[Site "Szklarska Poreba"]
[Date "2017.09.09"]
[Round "8.15"]
[White "Karwowski, Kacper"]
[Black "Maciejewski, Waldemar"]
[Result "1-0"]
[WhiteElo "2238"]
[BlackElo "2107"]
[PlyCount "49"]
[EventDate "2017.09.02"]
[EventType "team-swiss"]
[EventRounds "9"]
[EventCountry "POL"]
[SourceTitle "CBM 180 Extra"]
[Source "ChessBase"]
[SourceDate "2017.10.06"]
[SourceVersion "1"]
[SourceVersionDate "2017.10.06"]
[SourceQuality "1"]
[WhiteTeam "Grzybowo GKSz Solny"]
[BlackTeam "Przedwojow Debiut"]
[WhiteTeamCountry "POL"]
[BlackTeamCountry "POL"]

1. e4 c5 2. Nf3 Nc6 3. c3 d5 4. exd5 Qxd5 5. d4 cxd4 6. cxd4 e6 7. Nc3 Bb4 8. Be2 Nf6 9. 0-0 Qa5 10. Qb3 0-0 11. Rd1 Rd8 12. Bg5 Be7 13. Bxf6 Bxf6 14. d5 Nb4 15. Bc4 Bxc3 16. dxe6 Bf6 17. Rxd8+ Bxd8 18. Re1 Kf8 19. exf7 Bd7 20. Ne5 Ba4 21. Qh3 Nd5 22. Re2 Nf4 23. Qa3+ Be7 24. Nd7+ Bxd7 25. Qxe7# 1-0

[Event "POL-chT 2nd League"]
[Site "Szklarska Poreba"]
[Date "2017.09.02"]
[Round "1.13"]
[White "Maciejewski, Waldemar"]
[Black "Lewtak, Damian"]
[Result "0-1"]
[WhiteElo "2107"]
[BlackElo "2331"]
[PlyCount "52"]
[EventDate "2017.09.02"]
[EventType "team-swiss"]
[EventRounds "9"]
[EventCountry "POL"]
[SourceTitle "CBM 180 Extra"]
[Source "ChessBase"]
[SourceDate "2017.10.06"]
[SourceVersion "1"]
[SourceVersionDate "2017.10.06"]
[SourceQuality "1"]
[WhiteTeam "Przedwojow Debiut"]
[BlackTeam "Gostynin Gostmat 83"]
[WhiteTeamCountry "POL"]
[BlackTeamCountry "POL"]

1. c4 Nf6 2. Nc3 d5 3. cxd5 Nxd5 4. g3 e5 5. Bg2 Nb6 6. Nf3 Nc6 7. 0-0 Be7 8. d3 Be6 9. Be3 Nd5 10. Nxd5 Bxd5 11. Qa4 0-0 12. Rfc1 Re8 13. Bc5 Bf6 14. Nd2 Bxg2 15. Kxg2 e4 16. Qb3 exd3 17. exd3 Na5 18. Qc2 Bg5 19. Re1 Bxd2 20. Qxd2 Qd5+ 21. Kg1 Nc6 22. d4 Ne5 23. Rxe5 Rxe5 24. Qf4 Re2 25. Qxc7 Rae8 26. Rf1 Re1 0-1

[Event "POL-ch rapid"]
[Site "Zgierz"]
[Date "2017.01.08"]
[Round "2"]
[White "Maciejewski, Waldemar"]
[Black "Heberla, Bartlomiej"]
[Result "0-1"]
[WhiteElo "2114"]
[BlackElo "2556"]
[PlyCount "36"]
[EventDate "2017.01.08"]
[EventType "swiss (rapid)"]
[EventRounds "9"]
[EventCountry "POL"]
[SourceTitle "CBM 176 Extra"]
[Source "ChessBase"]
[SourceDate "2017.03.02"]
[SourceVersion "1"]
[SourceVersionDate "2017.03.02"]
[SourceQuality "1"]

1. d4 Nf6 2. Nf3 e6 3. c4 d5 4. Nc3 Nbd7 5. Bg5 c6 6. e3 Qa5 7. Bd3 Ne4 8. Qa4 Qxa4 9. Nxa4 Nxg5 10. Nxg5 dxc4 11. Be4 Be7 12. Nf3 Nf6 13. Bc2 Bb4+ 14. Ke2 b5 15. Nc3 Bb7 16. Ne5 a6 17. Rhc1 Nd7 18. Nxd7 Kxd7 0-1

[Event "BCF-chT2 0708 (4NCL)"]
[Site "Sunningdale"]
[Date "2008.05.05"]
[Round "11.4"]
[White "Maciejewski, Waldemar"]
[Black "White, Michael JR"]
[Result "0-1"]
[WhiteElo "2108"]
[BlackElo "2276"]
[PlyCount "84"]
[EventDate "2007.09.15"]
[EventType "team-tourn"]
[EventRounds "11"]
[EventCountry "ENG"]
[SourceTitle "EXT 2023"]
[Source "ChessBase"]
[SourceDate "2022.10.05"]
[SourceVersion "1"]
[SourceVersionDate "2022.10.05"]
[SourceQuality "1"]
[WhiteTeam "Hilsmark Kingfisher II"]
[BlackTeam "Oxford"]
[WhiteTeamCountry "ENG"]
[BlackTeamCountry "ENG"]

1. d4 Nf6 2. c4 g6 3. Nc3 Bg7 4. e4 d6 5. Nf3 0-0 6. Be2 e5 7. 0-0 Na6 8. Bg5 h6 9. Be3 Ng4 10. Bc1 c6 11. h3 exd4 12. Nxd4 Nf6 13. Bf3 Re8 14. Be3 Nc5 15. Qc2 Nh7 16. Rad1 Ng5 17. Bxg5 hxg5 18. b4 Ne6 19. Nxe6 Bxe6 20. c5 Qf6 21. Na4 Qf4 22. Qc1 Qxc1 23. Rxc1 dxc5 24. Nxc5 Bxa2 25. Nxb7 Rab8 26. Na5 Rxb4 27. Nxc6 Ra4 28. Rc5 f6 29. Ra1 Bf8 30. Ra5 Rxa5 31. Nxa5 Bf7 32. Nc6 Bc5 33. e5 fxe5 34. Be4 Kg7 35. Nxa7 Rf8 36. Ra5 Bb6 37. Ra6 Bxf2+ 38. Kh2 Be8 39. Nc6 Rf4 40. Bd5 Rf6 41. Ra8 Bxc6 42. Rg8+ Kh7 0-1

[Event "Poznan op-A"]
[Site "Poznan"]
[Date "2004.07.24"]
[Round "9"]
[White "Przezdziecka, Ewa"]
[Black "Maciejewski, Waldemar"]
[Result "1/2-1/2"]
[WhiteElo "2001"]
[BlackElo "2054"]
[PlyCount "111"]
[EventDate "2004.07.17"]
[EventType "swiss"]
[EventRounds "9"]
[EventCountry "POL"]
[SourceTitle "EXT 2008"]
[Source "ChessBase"]
[SourceDate "2007.11.25"]
[SourceVersion "1"]
[SourceVersionDate "2007.11.25"]
[SourceQuality "1"]

1. d4 Nf6 2. Nf3 g6 3. c4 Bg7 4. Nc3 d5 5. Bg5 Ne4 6. cxd5 Nxc3 7. bxc3 Qxd5 8. e3 Bg4 9. Be2 Nd7 10. Bh4 e5 11. Qb3 Qxb3 12. axb3 0-0 13. h3 Be6 14. Ng5 Bxb3 15. Rb1 Bd5 16. e4 h6 17. exd5 hxg5 18. Bxg5 exd4 19. Rxb7 d3 20. Rxc7 Rfe8 21. Be3 Nb6 22. Bf3 Rad8 23. Kd2 Nxd5 24. Bxd5 Rxd5 25. Rxa7 Rb8 26. Ra2 Kh7 27. Rc1 Bh6 28. Bxh6 Kxh6 29. c4 Rd7 30. Rc3 Rb4 31. f3 Kg7 32. c5 Rbd4 33. c6 Rc7 34. Rb2 Rd6 35. Rb6 Rc8 36. h4 Rc7 37. g4 Rc8 38. f4 Rc7 39. g5 Rc8 40. Ra6 Rc7 41. Rb6 Rc8 42. f5 gxf5 43. h5 f4 44. Rxd3 Rdxc6 45. Rxc6 Rxc6 46. Rd5 Re6 47. Rf5 Re4 48. Kd3 Re3+ 49. Kd4 Rh3 50. h6+ Kg6 51. Ke4 Rh1 52. Rd5 f6 53. gxf6 Kxf6 54. Kxf4 Rh4+ 55. Kg3 Rxh6 56. Rd6+ 1/2-1/2

[Event "Poznan op-A"]
[Site "Poznan"]
[Date "2004.07.18"]
[Round "3"]
[White "Boe, Mads"]
[Black "Maciejewski, Waldemar"]
[Result "1-0"]
[WhiteElo "2367"]
[BlackElo "2054"]
[PlyCount "43"]
[EventDate "2004.07.17"]
[EventType "swiss"]
[EventRounds "9"]
[EventCountry "POL"]
[SourceTitle "EXT 2008"]
[Source "ChessBase"]
[SourceDate "2007.11.25"]
[SourceVersion "1"]
[SourceVersionDate "2007.11.25"]
[SourceQuality "1"]

1. e4 e5 2. Nf3 Nc6 3. d4 exd4 4. Nxd4 Nf6 5. Nxc6 bxc6 6. Bd3 d6 7. 0-0 Be7 8. Nd2 0-0 9. f4 d5 10. e5 Bc5+ 11. Kh1 Ng4 12. Qe1 f6 13. Nb3 Bb6 14. e6 Nf2+ 15. Rxf2 Bxf2 16. Qxf2 Bxe6 17. Be3 Re8 18. Bxa7 Bf7 19. Bc5 Bg6 20. f5 Bf7 21. Nd4 Qd7 22. a4 1-0

[Event "Poznan op-A"]
[Site "Poznan"]
[Date "2003.07.12"]
[Round "8"]
[White "Maciejewski, Waldemar"]
[Black "Wojcieszyn, Zdzislaw"]
[Result "1-0"]
[WhiteElo "2118"]
[BlackElo "2173"]
[PlyCount "59"]
[EventDate "2003.07.07"]
[EventType "swiss"]
[EventRounds "9"]
[EventCountry "POL"]
[SourceTitle "CBM 095 Extra"]
[Source "ChessBase"]
[SourceDate "2003.09.04"]
[SourceVersion "1"]
[SourceVersionDate "2003.09.04"]
[SourceQuality "1"]

1. e4 c5 2. Nf3 Nc6 3. d4 cxd4 4. Nxd4 Nf6 5. Nc3 e6 6. Ndb5 Bb4 7. a3 Bxc3+ 8. Nxc3 d5 9. exd5 exd5 10. Bd3 0-0 11. 0-0 h6 12. Bf4 Re8 13. Bg3 a6 14. Bh4 g5 15. Bg3 Bg4 16. f3 Bh5 17. Qd2 d4 18. Ne4 Bg6 19. Nxf6+ Qxf6 20. f4 Bxd3 21. fxg5 Qxg5 22. Bf4 Qg6 23. cxd3 Re6 24. Rf3 Kf8 25. Raf1 Rae8 26. Rg3 Qh7 27. Rh3 h5 28. Qf2 Re2 29. Bh6+ Kg8 30. Rg3+ 1-0